उमज पडेल तर (Record no. 338582)

MARC details
000 -LEADER
fixed length control field 00497nam a2200169Ia 4500
008 - FIXED-LENGTH DATA ELEMENTS--GENERAL INFORMATION
fixed length control field 090711s9999 xx 000 0 und d
082 ## - DEWEY DECIMAL CLASSIFICATION NUMBER
Item number 1549
100 ## - MAIN ENTRY--PERSONAL NAME
Personal name आपटे ना. ह.
245 ## - TITLE STATEMENT
Title उमज पडेल तर
260 ## - PUBLICATION, DISTRIBUTION, ETC. (IMPRINT)
Name of publisher, distributor, etc आपटे आणि मंडळी
Date of publication, distribution, etc 1946
300 ## - PHYSICAL DESCRIPTION
Extent 147
600 ## - SUBJECT ADDED ENTRY--PERSONAL NAME
Personal name आपटे ना. ह.
630 ## - SUBJECT ADDED ENTRY--UNIFORM TITLE
Uniform title उमज पडेल तर
700 ## - ADDED ENTRY--PERSONAL NAME
Personal name आपटे ना. ह.
730 ## - ADDED ENTRY--UNIFORM TITLE
Uniform title उमज पडेल तर
942 ## - ADDED ENTRY ELEMENTS (KOHA)
Koha item type Book

No items available.